000
00298nam a22001337a 4500
008
180921b xxu||||| |||| 00| 0 eng d
020
_a
9780073130828
041
_a
eng
080
_a
336
100
_a
56
101
_a
FIN
245
_a
Principles of Corporate Finance
_c
Brealey
942
_2
udc
_c
BK
999
_c
48193
_d
48193